MARC details
| 000 -LÍDER |
| campo de controle de tamanho fixo |
01162naa a22003017a 4500 |
| 001 - NÚMERO DE CONTROLE |
| campo de controle |
BR7900481 |
| 003 - IDENTIFICADOR DO NÚMERO DE CONTROLE |
| campo de controle |
BR-BrBNA |
| 005 - DATA E HORÁRIO DA ÚLTIMA TRANSAÇÃO |
| campo de controle |
20250714162953.0 |
| 007 - CAMPO FIXO DE DESCRIÇÃO FÍSICA--INFORMAÇÃO GERAL |
| campo de controle de tamanho fixo |
ta |
| 008 - CAMPO DE DADOS FIXOS--INFORMAÇÃO GERAL |
| campo de controle de tamanho fixo |
250630b bl.|||m| |||| 00| 0 por d |
| 040 ## - FONTE DA CATALOGAÇÃO |
| Instituição da catalogação original |
BR-BrBNA |
| Idioma da catalogação |
por |
| Instituição que transcreveu o registro |
Biblioteca Nacional de Agricultura |
| 041 ## - CÓDIGO DE IDIOMA |
| Código do idioma do texto/trilha sonora ou título diferente |
(Pt) |
| 072 ## - CÓDIGO DE CATEGORIA DE ASSUNTO |
| Código de Categoria de Assunto |
H20 |
| Código do objeto |
0716 |
| -- |
G514 |
| 090 ## - NÚMERO DE CHAMADA LOCAL |
| Número de chamada |
H20 BR7900481 |
| 100 1# - ENTRADA PRINCIPAL--NOME PESSOAL |
| Nome pessoal |
Feliciano, A. (Unidade de Execucao de Pesquisa de Ambito Estadual de Cascata, RS (Brazil)) |
| 245 1# - TÍTULO |
| Título |
Doencas de importancia economica na cultura do pessegueiro no sul do Brasil [Prunus persica, podridao parda, bacteriose, gomose] |
| 490 ## - TÍTULO DA SÉRIE |
| Título da série |
Boletim Tecnico - Instituto de Pesquisas Agronomicas (Brazil) |
| Número do volume ou designação sequencial da série |
no. 2 |
| ISSN - International Standard Serial Number |
ISSN 0100-3062 |
| 500 ## - NOTA GERAL |
| Nota geral |
Fruticultura no Rio Grande do Sul<br/>Porto Alegre, RS (Brasil): 1978. p. 51-53 [6 ref.]<br/>(BR7900481-AMS)<br/> |
| 650 ## - ASSUNTO--TERMO TÓPICO |
| Cabeçalho tópico ou nome geográfico |
DOENCA DE PLANTA |
| 650 ## - ASSUNTO--TERMO TÓPICO |
| Cabeçalho tópico ou nome geográfico |
PESSEGO |
| 650 ## - ASSUNTO--TERMO TÓPICO |
| Cabeçalho tópico ou nome geográfico |
PODRIDAO PARDA |
| 650 ## - ASSUNTO--TERMO TÓPICO |
| Cabeçalho tópico ou nome geográfico |
BACTERIOSE |
| 650 ## - ASSUNTO--TERMO TÓPICO |
| Cabeçalho tópico ou nome geográfico |
GOMOSE |
| 650 ## - ASSUNTO--TERMO TÓPICO |
| Cabeçalho tópico ou nome geográfico |
REGIAO SUL |
| 773 0# - ENTRADA ANALÍTICA |
| Título |
Fruticultura no Rio Grande do Sul |
| Edição |
|
| Número de controle do registro |
H20 BR7900481 |
| Partes relacionadas |
Porto Alegre, RS (Brasil), 1978. p. 51-53 |
| 942 ## - ELEMENTOS DE ENTRADA ADICIONADOS (KOHA) |
| Tipo de material Koha |
Analítica de Monografia Seriada |
| Fonte da classificação ou esquema de arquivamento na estante |
Classificação AGRIS |
| 909 ## - |
| -- |
202506 |
| -- |
Lúcia |
| -- |
55 |
| -- |
Lúcia Elande |